Paroles de Marins, amis, amants ou maris -Les Demoiselles de Rochefort - Statistiques

Statistiques générales
  • Ce quiz a été pris 79 fois
  • Le résultat moyen est 228 sur 280
Statistiques - réponses
Paroles % Correct
à
100%
tu
100%
Tu
100%
amants
98%
amis
98%
de
98%
Le
98%
le
98%
Les
98%
les
98%
marin
98%
bon
95%
la
95%
marins
95%
Marins
95%
maris
95%
me
95%
ne
95%
plus
95%
que
95%
amours
93%
bien
93%
bons
93%
font
93%
je
93%
ou
93%
si
93%
Si
93%
sont
93%
toujours
93%
un
93%
Un
93%
Veux
93%
veux
93%
fait
91%
mauvais
91%
pour
91%
absents
88%
d'amour
88%
et
88%
eu
88%
Mais
88%
tous
88%
yeux
88%
avais
86%
ce
86%
cour
86%
forains
86%
mes
86%
t'as
86%
te
86%
bleus
84%
marrants
84%
mourir
84%
pu
84%
réunis
84%
va
84%
en
81%
j'aurais
81%
Marquise
81%
pas
81%
qui
81%
toi
81%
tout
81%
amour
79%
au
79%
beaux
79%
dise
79%
jalousie
79%
m'en
79%
Mon
79%
bouche
77%
cheveux
77%
choses
77%
d'habitude
77%
front
77%
j'ai
77%
meurs
77%
qu'est
77%
roses
77%
trompé
77%
chère
74%
coeur
74%
couler
74%
déjà
74%
fleurissent
74%
hasard
74%
larme
74%
l'oeil
74%
maquillage
74%
nez
74%
scandalise
74%
séduire
74%
épines
72%
Il
72%
notre
72%
s'est
72%
discours
70%
nos
70%
pleurer
70%
solitudes
70%
voyage
70%
deux
67%
fanées
67%
faut
67%
mettre
67%
veuilles
67%
vous
67%
qu'en
65%
vais
65%
des
63%
même
63%
préfères
63%
belles
60%
ça
60%
cela
60%
marine
60%
Nous
60%
nous
60%
semant
60%
vaut
60%
Envolez
58%
envolez
58%
frémir
58%
t'assassine
58%
l'algue
56%
tourterelles
56%
voyageons
56%
ni
53%
toutes
53%
fille
51%
butinons
49%
Dans
49%
est
44%
jour
42%
facile
40%
puisque
40%
vie
40%
ailleurs
37%
ici
37%
long
37%
voyagez
37%
partez
35%
cours
33%
Aucun quiz correspondant
Distribution des résultats
% des personnes avec chaque résultat
Percentile par nombre de réponses
Votre historique - résultats
Vous n’avez pas pris ce quiz